The dragonfly effect / (Record no. 2767)

MARC details
000 -LEADER
fixed length control field 01425cam a22003737i 4500
005 - DATE AND TIME OF LATEST TRANSACTION
control field 20240112151540.0
020 ## - INTERNATIONAL STANDARD BOOK NUMBER
International Standard Book Number 9780545503365 (hbk.)
020 ## - INTERNATIONAL STANDARD BOOK NUMBER
International Standard Book Number 9780545503389
020 ## - INTERNATIONAL STANDARD BOOK NUMBER
International Standard Book Number 0545503361 (hbk.)
040 ## - CATALOGING SOURCE
Original cataloging agency YDXCP
Language of cataloging eng
Transcribing agency YDXCP
Modifying agency BTCTA
-- BDX
-- OCLCQ
-- WIM
-- KTP
-- FOLLT
-- OCLCF
-- VP@
Description conventions rda
Modifying agency DLC
050 00 - LIBRARY OF CONGRESS CALL NUMBER
Classification number PZ7.K8369
Item number Dr 2015
082 04 - DEWEY DECIMAL CLASSIFICATION NUMBER
Classification number 813.6
Edition number 23
100 1# - MAIN ENTRY--PERSONAL NAME
Personal name Korman, Gordon
Relator term author.
245 14 - TITLE STATEMENT
Title The dragonfly effect /
Statement of responsibility, etc. Gordon Korman
250 ## - EDITION STATEMENT
Edition statement First printing 2016
260 ## - PUBLICATION, DISTRIBUTION, ETC.
Place of publication, distribution, etc. New York :
Name of publisher, distributor, etc. Scholastic,
Date of publication, distribution, etc. 2016
300 ## - PHYSICAL DESCRIPTION
Extent 243 pages ;
Dimensions 20 cm
490 1# - SERIES STATEMENT
Series statement Hypnotists ;
Volume/sequential designation Book 3
505 ## - FORMATTED CONTENTS NOTE
Formatted contents note O
520 ## - SUMMARY, ETC.
Summary, etc. "Is it a gift or is it a curse? Jax Opus can use his color-changing eyes to make people do what he wants. But soon Jax is pulled into a dangerous conspiracy devised by a mysterious group...and now they're going to make Jax do what THEY want." --
Assigning source provided by publisher.
521 ## - TARGET AUDIENCE NOTE
Target audience note 760
Source Lexile
521 ## - TARGET AUDIENCE NOTE
Target audience note O
Source Raz-Plus
650 #0 - SUBJECT ADDED ENTRY--TOPICAL TERM
Topical term or geographic name entry element Hypnotism
Form subdivision Juvenile fiction.
650 #0 - SUBJECT ADDED ENTRY--TOPICAL TERM
Topical term or geographic name entry element Mesmerism
Form subdivision Juvenile fiction.
650 #1 - SUBJECT ADDED ENTRY--TOPICAL TERM
Topical term or geographic name entry element Hypnotism
Form subdivision Fiction.
650 #1 - SUBJECT ADDED ENTRY--TOPICAL TERM
Topical term or geographic name entry element Mesmerism
Form subdivision Fiction.
650 #7 - SUBJECT ADDED ENTRY--TOPICAL TERM
Topical term or geographic name entry element Hypnotism.
Source of heading or term fast
Authority record control number or standard number (OCoLC)fst00965930
650 #7 - SUBJECT ADDED ENTRY--TOPICAL TERM
Topical term or geographic name entry element Mesmerism.
Source of heading or term fast
Authority record control number or standard number (OCoLC)fst01017315
655 #7 - INDEX TERM--GENRE/FORM
Genre/form data or focus term Fiction.
Source of term fast
Authority record control number or standard number (OCoLC)fst01423787
655 #7 - INDEX TERM--GENRE/FORM
Genre/form data or focus term Juvenile works.
Source of term fast
Authority record control number or standard number (OCoLC)fst01411637
906 ## - LOCAL DATA ELEMENT F, LDF (RLIN)
a 7
b cbc
c copycat
d 2
e ncip
f 20
g y-gencatlg
942 ## - ADDED ENTRY ELEMENTS (KOHA)
Source of classification or shelving scheme Dewey Decimal Classification
Koha item type Books
Suppress in OPAC No
999 ## -
-- 2767
-- 2767
Holdings
Withdrawn status Lost status Source of classification or shelving scheme Damaged status Not for loan Collection Home library Current library Shelving location Date acquired Total Checkouts Full call number Barcode Date last seen Price effective from Koha item type
    Dewey Decimal Classification     Juvenile Fiction Footprints International School Library Network Toul Kork Campus Footprints International School Library Network Toul Kork Campus   01/12/2024   KOR 813.6 PZ7.K8369 FIS05474 01/12/2024 01/12/2024 Books